Statistics for 25 cities with ''new'' in their name (with a map)

Click here to take the quiz!

General Stats

  • This quiz has been taken 242 times
  • The average score is 10 of 25

Answers on the Map

Answers color-coded by a green-red scale on the quiz's map according to % correct below.
 

Answer Stats

HintAnswer% Correct
NewNew York City
94%
NewNew Delhi
87%
NewNew Orleans
83%
NewNewport
66%
NewNewcastle
61%
NoviNovi Sad
61%
NovoNovosibirsk
58%
NewNew Taipei
57%
NewNewark
50%
NovoPorto Novo
47%
NewNew Haven
46%
NewNew Cairo
35%
NewNew London
29%
NuevoNuevo Laredo
28%
NewNew Amsterdam
27%
NewNewport News
27%
NovaVila Nova de Gaia
19%
NewNewtown
16%
NewNew Plymouth
15%
NewNew Glasgow
13%
NewNew Rochelle
13%
NewNew Madrid
7%
NoviNovi Pazar
7%
NewNew Westminster
4%
NuevaNueva Rosita
4%

Score Distribution

Percentile by Number Answered

Percent of People with Each Score

Your Score History

You have not taken this quiz